Law of free public education in West Virginia : a handbook for school personnel, board members, and students /

Bibliographic Details
Main Author: Gibbins, Neil Louis, 1928-
Other Authors: McCoy, Zane, Queen, Bernard
Format: Book
Language:English
Published: Danville, Ill. : Intersate Printers & Publishers, [1978]
Subjects:

MARC

Tag First Indicator Second Indicator Subfields
LEADER 00000cam a2200000 i 4500
001 in00000325552
005 20151010161459.0
008 780419s1978 ilu b 00110 eng
010 |a  77088649  
035 |a (OCoLC)03869419 
035 |9 ABJ5555AM 
040 |a DLC  |c DLC  |d TXA  |d UtOrBLW 
043 |a n-us-wv 
049 |a TXAM  |c [1477270] 
050 0 0 |a KFW1590  |b .G5 
082 0 |a 344/.754/071 
100 1 |a Gibbins, Neil Louis,  |d 1928- 
245 1 0 |a Law of free public education in West Virginia :  |b a handbook for school personnel, board members, and students /  |c Neil L. Gibbins, Zane McCoy, Bernard Queen. 
264 1 |a Danville, Ill. :  |b Intersate Printers & Publishers,  |c [1978] 
264 4 |c ©1978 
300 |a xvi, 106 pages ;  |c 23 cm. 
336 |a text  |b txt  |2 rdacontent 
337 |a unmediated  |b n  |2 rdamedia 
338 |a volume  |b nc  |2 rdacarrier 
504 |a Includes bibliographical references and index. 
650 0 |a Educational law and legislation  |z West Virginia. 
700 1 |a McCoy, Zane. 
700 1 |a Queen, Bernard. 
999 |a MARS 
999 f f |s 1f7017ca-b42c-3a7b-adf4-04ab510ac9d4  |i b06a8dff-4279-32c5-be9a-296c11c5afa1  |t 0 
952 f f |p ric  |a Texas A&M University  |b Rellis Campus  |c Joint Library Facility  |d Remote Storage  |t 0  |e KFW1590 .G5  |h Library of Congress classification  |i unmediated -- volume  |m A14803207284 
998 f f |a KFW1590 .G5  |t 0  |l Remote Storage